ბათუმის შოთა რუსთაველის სახელმწიფო უნივერსიტეტის ბიბლიოთეკა

Схемы и расчет водоводов и водопроводных сетей. (ბიბ.ჩანაწერი № 37382)

000 -LEADER
fixed length control field 00740nam a2200229Ia 4500
001 - CONTROL NUMBER
control field 3341
003 - CONTROL NUMBER IDENTIFIER
control field GE_BSU
008 - FIXED-LENGTH DATA ELEMENTS--GENERAL INFORMATION
fixed length control field 181216s||||||||xx |||||||||||||| ||und||
040 ## - CATALOGING SOURCE
Transcribing agency GE_BSU
080 ## - UNIVERSAL DECIMAL CLASSIFICATION NUMBER
Universal Decimal Classification number 628.1(075.8)
100 ## - MAIN ENTRY--PERSONAL NAME
Personal name Сироткин,В.П.
245 ## - TITLE STATEMENT
Title Схемы и расчет водоводов и водопроводных сетей.
245 ## - TITLE STATEMENT
Remainder of title Учебник.
245 ## - TITLE STATEMENT
Statement of responsibility, etc. Ред. Л.Б.Гагулаева.
250 ## - EDITION STATEMENT
Edition statement Второе издание переработанное.
260 ## - PUBLICATION, DISTRIBUTION, ETC.
Place of publication, distribution, etc. М.
260 ## - PUBLICATION, DISTRIBUTION, ETC.
Name of publisher, distributor, etc. Высшая школа.
260 ## - PUBLICATION, DISTRIBUTION, ETC.
Date of publication, distribution, etc. 1968.
300 ## - PHYSICAL DESCRIPTION
Extent 271 стр. 20 см.
653 ## - INDEX TERM--UNCONTROLLED
Uncontrolled term Схемы и расчет водоводов и водопроводных сетей.
942 ## - ADDED ENTRY ELEMENTS (KOHA)
Koha item type წიგნი
ეგზემპლარები
Withdrawn status Lost status Damaged status Not for loan Date acquired Barcode Date last seen Price effective from Koha item type
        2018-12-17 9319 2018-12-17 2018-12-17 წიგნი